• 首页
  • 本馆介绍
  • 公告通知
  • 最新文献
  • 馆藏检索
  • 电子资源
  • 读者导购
  • 参考咨询
  • 我的图书馆
  • 登录
  • 详细信息显示
  • 放入我的书架
  • 预约/预借图书
  • 作者相关作品
  • 分类相关作品
  • 丛书相关作品
  • 出版社相关作品

书目信息

  • 表格格式
  • 工作单格式
  • 卡片格式
题名:
分布式存储编码与系统
    
 
作者: 李挥 , 侯韩旭 著
分册:  
出版信息: 北京   科学出版社  2016.8
页数: 204页
开本: 24cm
丛书名:
单 册:
中图分类: TP333.2
科图分类:
主题词: 分布式存贮器--编码
电子资源:
ISBN: 978-7-03-049489-4
000 01168nam0 2200265 450
001 0400009456
005 20171121081851.0
010    @a978-7-03-049489-4@dCNY76.00
100    @a20161024d2016 em y0chiy50 ea
101 0  @achi
102    @aCN@b110000
105    @ay az 000yy
106    @ar
200 1  @a分布式存储编码与系统@Afen bu shi cun chu bian ma yu xi tong@d= Distributed storage coding and systems@f李挥,侯韩旭著@zeng
210    @a北京@c科学出版社@d2016.8
215    @a204页@d24cm
320    @a有书目
330    @a本书在理论方面,讲解国际分布式存储编码的基本原理和当前主要研究成果,详细介绍国际领先的二进制的RS码、二进制的最小存储再生码、二进制的最小带宽再生码,它们都已经进入维基百科和百度百科收录的词条。实战应用方面,首先对谷歌的分布式存储系统和当前主流研究的分布式存储系统进行分析,接着介绍最新实现的北大CodedDFS分布式存储系统,然后讲解大规模分布式存储技术在云计算和大数据领域的实践与应用。
510 1  @aDistributed storage coding and systems@zeng
606 0  @a分布式存贮器@x编码
690    @aTP333.2@v5
701  0 @a李挥@ALi Hui@4著
701  0 @a侯韩旭@Ahou han xu@4著
801  0 @aCN@b上海新华@c20171121
905    @b1028966-70@dTP333.2@e173@f5
    
    分布式存储编码与系统= Distributed storage coding and systems/李挥,侯韩旭著.-北京:科学出版社,2016.8
    204页;24cm
    
    
    ISBN 978-7-03-049489-4:CNY76.00
    本书在理论方面,讲解国际分布式存储编码的基本原理和当前主要研究成果,详细介绍国际领先的二进制的RS码、二进制的最小存储再生码、二进制的最小带宽再生码,它们都已经进入维基百科和百度百科收录的词条。实战应用方面,首先对谷歌的分布式存储系统和当前主流研究的分布式存储系统进行分析,接着介绍最新实现的北大CodedDFS分布式存储系统,然后讲解大规模分布式存储技术在云计算和大数据领域的实践与应用。
●
相关链接 在E读中查询图书 在五车中查询图书 在当当中查询图书 在豆瓣中查询图书


正题名:分布式存储编码与系统     索取号:TP333.2/173         预约/预借

序号 登录号 条形码 馆藏地/架位号 状态 备注
1 1028966   210289668   第二样本阅览室/ [索取号:TP333.2/173] 在馆    
2 1028967   210289677   密集书库—计算机科学学院/ [索取号:TP333.2/173] 在馆    
3 1028968   210289686   第三借阅区/ [索取号:TP333.2/173] 在馆    
4 1028969   210289695   第三借阅区/ [索取号:TP333.2/173] 在馆    
5 1028970   210289702   第三借阅区/ [索取号:TP333.2/173] 在馆    
唐山师范学院图书馆 欢迎您!
大连网信软件有限公司© 版权所有